000 00428nam a2200157Ia 4500
008 130318s9999 xx 000 0 und d
020 _a70472424
082 _a658.4038011 LUC/I
100 _aLucas, Henry C
245 _aInformation technology for management
250 _a7
260 _bTata McGraw Hill
_aNew Delhi
_c2000
300 _a730
650 _aINFORMATION TECHNOLOGY-MANAGEMENT
650 _aMANAGEMENT-IT APPLICATION
999 _c766
_d766